| 000 | 00712nam a22002537a 4500 | ||
|---|---|---|---|
| 003 | CHAP | ||
| 005 | 20220329141549.0 | ||
| 008 | 971013s1946 r 00010 d | ||
| 010 | _a70203 | ||
| 011 | _a71175 | ||
| 035 | _a80729 | ||
| 040 | _cCHAP | ||
| 082 |
_a621.436 _bA33 |
||
| 100 | 0 | 0 |
_aAdams, Orville L. _9861 |
| 245 | _aDiesel operation and maintenance | ||
| 260 |
_aNew York : _bPrentice-Hall, _c1946 |
||
| 300 |
_a366 p. _b: ilus. |
||
| 590 |
_aBATCH-UPD _b10 _c20130110 _lUCH01 _h0751 |
||
| 590 |
_aCONVERSION _b10 _c20130109 _lUCH01 _h1339 |
||
| 650 | 1 | 4 |
_aMotores diesel. _979100 |
| 901 | _aBK | ||
| 942 | _cLIBRO | ||
| 949 |
_a621.436 A33 _bBC _cLIBRO _d33724000016713 _eLIBRO _h18656 _i80729 _si _t25.00 |
||
| 999 |
_c70203 _d70203 |
||